[Event "Championnat du Gard Poule 2"]
[Site "MELKOR"]
[Date "2012.05.20"]
[Round "7"]
[White "Canonge, Jérome"]
[Black "Jeanjean, Laurent"]
[Result "1-0"]
[WhiteElo "1804"]
[BlackElo "1944"]
[PlyCount "89"]
[EventDate "2012.??.??"]
[SourceDate "2012.05.19"]

1. d4 d5 2. Bg5 c6 3. Nf3 Bf5 4. Nbd2 Nd7 5. e3 Ngf6 6. Nh4 Bg4 7. f3 Be6 8.
Bd3 h6 9. Bxf6 Nxf6 10. c3 Qd7 11. f4 Bg4 12. Qc2 g5 13. Nhf3 Bxf3 14. Nxf3 Qc7
15. Ne5 e6 16. Bg6 Ne4 17. Nxf7 Rg8 18. Ne5+ Rxg6 19. Nxg6 O-O-O 20. O-O-O gxf4
21. Nxf4 Qe7 22. Rdf1 Bg7 23. Qe2 Kb8 24. Ng6 Qg5 25. Nf4 Re8 26. Qh5 Qd8 27.
Nd3 Nd6 28. Rf3 a5 29. Rhf1 Qb6 30. Qg6 Qc7 31. Qg3 Ka7 32. Rf7 Re7 33. Rxe7
Qxe7 34. Qf4 h5 35. Ne5 Nf5 36. Re1 Bh6 37. Qf2 c5 38. Kb1 a4 39. Qc2 Qe8 40.
e4 Ne3 41. Qe2 c4 42. Qf2 Ng4 43. Nxg4 hxg4 44. exd5 Qg6+ 45. Qc2 1-0

[Event "Championnat du Gard Poule 2"]
[Site "MELKOR"]
[Date "2012.05.20"]
[Round "7"]
[White "Fernandez, Clément"]
[Black "Fauvel, Alexandre"]
[Result "0-1"]
[WhiteElo "1749"]
[BlackElo "1754"]
[PlyCount "72"]
[EventDate "2012.??.??"]
[SourceDate "2012.05.19"]

1. d4 Nf6 2. Nf3 g6 3. Bg5 Bg7 4. Nbd2 O-O 5. e4 d5 6. exd5 Nxd5 7. c3 c5 8.
dxc5 Nc6 9. Bc4 Be6 10. O-O h6 11. Bxd5 Qxd5 12. Be3 Rad8 13. Qe2 Qh5 14. Rfd1
Bc8 15. Ne4 Bg4 16. Ng3 Bxf3 17. Qxf3 Qxf3 18. gxf3 Ne5 19. Kg2 Nc4 20. b4
Nxe3+ 21. fxe3 Bxc3 22. Rac1 Bxb4 23. Rd4 Rxd4 24. exd4 Rd8 25. Rc4 Bd2 26. Ne2
Rd7 27. c6 bxc6 28. Rxc6 Be3 29. Rc3 Bxd4 30. Rd3 e5 31. f4 Rc7 32. Nxd4 exd4
33. Rd2 g5 34. Kf3 f5 35. fxg5 hxg5 36. Rg2 Rc3+ 0-1